NBA Insane Trivia #3 - Statistics

General Stats
  • This quiz has been taken 25 times
  • The average score is 4 of 15
Answer Stats
Question Answer % Correct
What two other sports did Wilt Chamberlain play in college? Track and Volleyball
63%
What was the first team in Canada? Toronto Huskies
47%
What is Manute Bol's career high rebounds? 19
37%
Who has the shortest NBA career of all time? (had to at least be in a game) JamesOn Curry
37%
How many players from Kentucky got drafted in 2010? 5
32%
How many PPG did Giannis average his rookie year? 6.8
32%
Which one of these players made the All-NBA First Team in 2013? Chris Paul
32%
Which one of these players has never made an All-NBA First Team? Pau Gasol
32%
How many career points does Brian Scalabrine have? 1,594
26%
How many turnovers was it? 7
11%
Who recorded the first triple double in NBA History? Andy Phillip
11%
Who has the highest 2k rating in Charlotte Hornets history? Glen Rice
11%
Who had the first 20 point games in Orlando Magic history? Reggie Theus and Terry Catledge
11%
Who committed the most turnovers for a single quarter in NBA History? Nikola Jokic
5%
Who was scored the second most points in the 2013 NBA Playoffs? Tony Parker
5%
No matching quizzes found
Score Distribution
Percent of People with Each Score
Percentile by Number Answered
Your Score History
You have not taken this quiz